| 000 | 00613nam a22002057a 4500 | ||
|---|---|---|---|
| 005 | 20220715165830.0 | ||
| 008 | 220715b ||||| |||| 00| 0 eng d | ||
| 040 | _cAL | ||
| 041 | _aEnglish | ||
| 082 |
_223 _a327.4054 _bWAHI |
||
| 100 |
_aGerhard Wahlers _950201 |
||
| 245 | _aIndia and the European Union | ||
| 260 |
_aNew Delhi _bKonrad Adenauer Stiftung _c2005 |
||
| 300 |
_a216 p. _bPB _c21x14 cm. |
||
| 440 |
_aKAS Publication Series No 3 _950202 |
||
| 650 |
_aPartnership in the Era of Globalization _950203 |
||
| 650 |
_aUnited Europ _950204 |
||
| 700 |
_aWAHLERS (Gerhard) _950205 |
||
| 942 |
_2ddc _cGF |
||
| 999 |
_c223858 _d223858 |
||